Je vzdelanie investíciou?
Problematika školstva v SR - jeho spoplatnenie. Vzdelanie ako investícia. Financovanie vysokoškolského štúdia.
Uložené v:
| Hlavný autor: | |
|---|---|
| Médium: | Kapitola |
| Jazyk: | Slovak |
| Predmet: | |
| Tagy: |
Žiadne tagy, Buďte prvý, kto otaguje tento záznam!
|
MARC
| LEADER | 00000naa a2200000 4500 | ||
|---|---|---|---|
| 001 | r046919 | ||
| 005 | 20230908084242.8 | ||
| 041 | 0 | |a slo | |
| 044 | |a SK | ||
| 245 | 1 | 0 | |a Je vzdelanie investíciou? |c Róbert Kotian |
| 520 | |a Problematika školstva v SR - jeho spoplatnenie. Vzdelanie ako investícia. Financovanie vysokoškolského štúdia. | ||
| 610 | 2 | 0 | |a vzdelanie |
| 610 | 2 | 0 | |a vzdelanie vysokoškolské |
| 610 | 2 | 0 | |a školstvo |
| 610 | 2 | 0 | |a školy stredné |
| 610 | 2 | 0 | |a školy vysoké |
| 610 | 2 | 0 | |a školy základné |
| 610 | 2 | 0 | |a financovanie |
| 610 | 2 | 0 | |a Slovensko |
| 100 | 1 | |a Kotian, Róbert | |